Normale Ansicht MARC-Ansicht ISBD

Globalization and nationalism (Titelsatznr. 67844)

[ MARC ]
MARC-Details
000 -Satzkennung
Kontrollfeld mit fester Länge 01581nad a2200421 a 4500
001 - Kontrollnummer
Kontrollfeld MIU01000000000000011663840
003 - Kontrollnummer Identifier
Kontrollfeld MiU
005 - Datum und Zeit der letzten Transaktion
Kontrollfeld 20231010141445.0
007 - Feld mit fester Länge zur physischen Beschreibung - Allgemeine Information
Kontrollfeld mit fester Länge cr mnummmmuuuu
008 - Feld mit fester Länge zur physischen Beschreibung - Allgemeine Angaben
Kontrollfeld mit fester Länge 090713s2010 hu sb 001 0 eng d
024 7# - Anderer Standardidentifier
Standardnummer oder Code 2027/heb09345
Quelle der Nummer oder des Codes hdl
040 ## - Katalogisierungsquelle
Original-Katalogisierungsstelle NyNyACL
Übertragungsstelle NyNyACL
090 ## - LOCALLY ASSIGNED LC-TYPE CALL NUMBER (OCLC); LOCAL CALL NUMBER (RLIN)
Notation (OCLC) (R) ; Notation, CALL (RLIN) (NR) JZ1318
Local cutter number (OCLC) ; Book number/undivided call number, CALL (RLIN) (INTERNET)
041 ## - Sprachcode
Sprachcode des Textes/der Tonspur oder des separaten Titels eng
100 1# - Haupteintragung - Personenname
Personenname Sabanadze, Natalie.
Koha-Normdatenidentnummer 48948
245 10 - Titel
Titel Globalization and nationalism
Medium [electronic resource] :
Zusatz zum Titel the cases of Georgia and the Basque country /
Verfasserangabe etc. Natalie Sabanadze.
264 ## - Produktion, Veröffentlichung, Distribution, Herstellung und Urheberrechtsvermerk
Herstellungs-, Veröffentlichungs- Vertriebs-, Erzeugungsort Budapest ;
Produzent, Herausgeber, Distributor, Hersteller Central European University Press,
Datum der Herstellung, der Veröffentlichung, des Vertriebs oder des Urheberschutzvermerks 2010.
300 ## - Physische Beschreibung
Umfang viii, 209 p. ;
Maße 24 cm.
336 ## - Inhaltstyp
Quelle rdacontent
Inhaltstypcode txt
Inhaltstypterm Text
337 ## - Medientyp
Quelle rdamedia
Medientypcode bc
Bezeichnung des Medientyps Computermedien
338 ## - Datenträgertyp
Quelle rdacarrier
Datenträgertypcode cr
Datenträgertypbezeichnung Online Ressource
504 ## - Fußnote zu Literaturverzeichnissen usw.
Fußnote zu Bibliographien usw. Includes bibliographical references and index.
500 ## - Allgemeine Fußnote
Allgemeine Fußnote E-Book-ACLS / Zugriff nur im DHI-Lesesaal
500 ## - Allgemeine Fußnote
Allgemeine Fußnote American Council of Learned Societies/ https://www.humanitiesebook.org/about/
650 #0 - Nebeneintragung unter einem Schlagwort - Sachschlagwort
Allgemeine Unterteilung Political aspects
Unterteilung nach Form Case studies.
Koha-Normdatenidentnummer 48949
650 #0 - Nebeneintragung unter einem Schlagwort - Sachschlagwort
Unterteilung nach Form Case studies.
Koha-Normdatenidentnummer 311
650 #0 - Nebeneintragung unter einem Schlagwort - Sachschlagwort
Geografische Unterteilung Spain
-- País Vasco.
Koha-Normdatenidentnummer 48950
650 #0 - Nebeneintragung unter einem Schlagwort - Sachschlagwort
Geografische Unterteilung Georgia (Republic).
Koha-Normdatenidentnummer 48951
651 #0 - Nebeneintragung unter einem Schlagwort - Geografischer Name
Geografischer Name País Vasco (Spain)
Allgemeine Unterteilung History
-- Autonomy and independence movements.
Koha-Normdatenidentnummer 48952
651 #0 - Nebeneintragung unter einem Schlagwort - Geografischer Name
Geografischer Name Georgia (Republic)
Allgemeine Unterteilung History
-- Autonomy and independence movements.
Koha-Normdatenidentnummer 48953
653 ## - Indexierungsterm - Nicht normiert
Nicht-normierter Term Globalization
653 ## - Indexierungsterm - Nicht normiert
Nicht-normierter Term Nationalism
653 ## - Indexierungsterm - Nicht normiert
Nicht-normierter Term Nationalism
653 ## - Indexierungsterm - Nicht normiert
Nicht-normierter Term Nationalism
830 #0 - Nebeneintragung unter dem Gesamttitel - Einheitstitel
Einheitstitel ACLS Humanities E-Book.
Koha-Normdatenidentnummer 48954
856 40 - Elektronische Adresse und Zugriff
OPAC-Notiz Volltext
URL <a href="https://hdl.handle.net/2027/heb09345">https://hdl.handle.net/2027/heb09345</a>
942 ## - Zusätzliche Felder (Koha)
Koha-Medientyp E-Books
Exemplare
Ausgeschieden Verloren Beschädigt Nicht entleihbar Heimatbibliothek Aufenthaltsbibliothek Aufstellungsort Erwerbungsdatum Inventarnummer Signatur Barcode Letzte Aktivität Preis gültig von Koha-Medientyp
        MWN Osteuropa MWN Osteuropa Online-Ressource 10/10/2023 23-e0ACLS E-23-e0ACLS 70679 10/10/2023 10/10/2023 E-Books